000 01237 a2200217 4500
005 2008091904404.0
008 080919t xxu||||| |||| 00| 0 hin d
010 _aHIN-81246
020 _a8178792583
_c550.00
035 _aHN-53592
037 _bD.B.Act / Pub
082 _a796.06
100 _aउषा गोपाल
245 _aशारीरिक शिक्षा संगठन एंव प्रशासन
_cउषा गोपाल
246 _aSharirik shiksha sangathan avam prashashan
_bby Usha Gopal
260 _aनई दिल्ली
_bस्पोट्र्स पब्लिकेशन
_c2007
270 _aजी-23/23-बी,ई एम सी ए हाउस,अंसारी रोड,दरियागंज
_bनई दिल्ली
_e110002
_k(ऑ)65749511,66326118 (नि)27562163(मो.)9868028838
_l011-23240261
_mlakshaythani@hotmail.com
300 _a304पृ
_c22सेमी(सजिल्द)
942 _adpl
_cHN
_k796.06 / उषागो
_2ddc
_h796.06
_mउषागो
999 _c8102
_d8102